000 00771nam a2200217 c 4500
005 20200329153147.0
008 200304s2018 bl |||gr|||| 00| 0 spa d
020 _a9788588808034
040 _aCO-BoUCM
_bspa
_cDeissy Garcia
_dDeissy Garcia
041 0 _apor
100 1 _aPaes Manso, Bruno
_9100147
245 1 2 _aA Guerra
_b a ascensao do pcc e o mundo do crime no Brasil
_cBruno Paes Manso, Camila Nunes Dias
260 _bTodavia
_c2019
_aSão Paulo
300 _a342 páginas
504 _aIncluye referencias bibliográficas
650 1 7 _912141
_aCrimen organizado
_zBrasil
650 1 7 _aPandillas
_zBrasil
_9100149
700 1 _9100148
_aNunes Dias, Camila
942 _cLIBRO
_2DEWEY
_a5
_e20
_h364.1060981
_mP126g
999 _c317112
_d317112